[Event "TCh-POL Ekstraliga"]
[Site "Wroclaw POL"]
[Date "2011.05.07"]
[Round "2.5"]
[White "Gdanski,J"]
[Black "Zezulkin,J"]
[Result "1/2-1/2"]
[WhiteElo "2543"]
[BlackElo "2455"]

1.e4 c5 2.Nf3 Nc6 3.Nc3 g6 4.d4 cxd4 5.Nxd4 Bg7 6.Nb3 Bxc3+ 7.bxc3 Nf6 8.Bd3 d5
9.exd5 Qxd5 10.O-O Bg4 11.Qe1 O-O 12.Bh6 Rfe8 13.c4 Qh5 14.Qe3 e5 15.f3 Bf5
16.g4 Bxg4 17.Bg5 Bxf3 18.Bxf6 Qg4+ 19.Kf2 e4 20.Be2 Re6 21.Bc3 Qh4+ 22.Kg1 Qg4+
23.Kf2 Qh4+ 24.Kg1 Qg4+ 25.Kf2  1/2-1/2

[Event "29th Metz Open A"]
[Site "Longeville-les-Metz FRA"]
[Date "2011.05.08"]
[Round "9.18"]
[White "Pucher,S"]
[Black "Achereiner,G"]
[Result "1-0"]
[WhiteElo "2227"]
[BlackElo "2044"]

1.e4 c5 2.Nf3 Nc6 3.Nc3 e5 4.Bc4 Be7 5.d3 d6 6.O-O Nf6 7.Ng5 O-O 8.f4 h6
9.Nf3 exf4 10.Bxf4 a6 11.Nd5 Nxd5 12.Bxd5 Bf6 13.c3 Be6 14.Qe1 Bxd5 15.exd5 Ne7
16.Qg3 Kh8 17.Rae1 Qd7 18.Bxd6 Nf5 19.Qh3 Qxd6 20.Qxf5 b5 21.Ne5 Bxe5 22.Qxe5 Qxe5
23.Rxe5 c4 24.dxc4 bxc4 25.d6 Rad8 26.Rd1 Rd7 27.Ra5 Rb8 28.Rxa6 Rxb2 29.Rc6 Rxa2
30.Rc7 Ra7 31.Rxa7  1-0

[Event "Victory Day GM"]
[Site "Moscow RUS"]
[Date "2011.05.08"]
[Round "9"]
[White "Chernobay,A"]
[Black "Sveshnikov,E"]
[Result "1/2-1/2"]
[WhiteElo "2486"]
[BlackElo "2527"]

1.e4 c5 2.Nf3 Nc6 3.Nc3 e5 4.Bc4 Be7 5.d3 Nf6 6.Nd2 a6 7.a4 Nb4 8.O-O O-O
9.Re1 d6 10.h3 Be6 11.Nf1  1/2-1/2

[Event "ch-UKR semi-final"]
[Site "Alushta UKR"]
[Date "2011.05.09"]
[Round "7.20"]
[White "Andrenko,I"]
[Black "Zubarev,Al1"]
[Result "0-1"]
[WhiteElo "2281"]
[BlackElo "2600"]

1.e4 c5 2.Nc3 Nc6 3.Bb5 Nd4 4.Bc4 e6 5.Nge2 a6 6.Nxd4 cxd4 7.Ne2 b5 8.Bb3 d3
9.cxd3 Bb7 10.O-O Ne7 11.e5 Ng6 12.f4 Nh4 13.Rf2 Bc5 14.d4 Bb6 15.d3 Nf5
16.Kh1 d6 17.Bd2 dxe5 18.fxe5 Nxd4 19.Rf1 O-O 20.Nxd4 Bxd4 21.Bc3 Qg5 22.Qe2 Rfd8
23.Rac1 Bxc3 24.Rxc3 Rd7 25.a3 Rad8 26.Bc2 g6 27.Rc5 Rd5 28.b4 Rxc5 29.bxc5 Rd4
30.Re1 Rg4 31.Rg1 Rh4 32.Qf2 Qh6 33.Qg3 Rh3 34.c6 Bxc6  0-1

[Event "ch-UKR semi-final"]
[Site "Alushta UKR"]
[Date "2011.05.09"]
[Round "7.65"]
[White "Khazankin,M"]
[Black "Chernoukhov,A"]
[Result "1-0"]
[WhiteElo "2091"]
[BlackElo "1807"]

1.e4 c5 2.Nc3 Nc6 3.Bb5 a6 4.Bxc6 bxc6 5.d3 d6 6.Nge2 g6 7.b3 Bg7 8.Bb2 Qa5
9.O-O Bg4 10.f3 Bd7 11.h3 Nf6 12.f4 O-O 13.Qe1 e6 14.Rb1 Qc7 15.Na4 Rfb8
16.c4 Be8 17.Qf2 Nd7 18.Bxg7 Kxg7 19.g4 Nb6 20.Nac3 Qe7 21.f5 Qf6 22.Qg3 exf5
23.gxf5 Nd7 24.Rf4 Ne5 25.Kh1 Kf8 26.fxg6 Qxg6 27.Qe3 Bd7 28.Rbf1 Ke7 29.Rf6 Qh5
30.Rh6 Ng4 31.Rxh5 Nxe3 32.Rf3 Nc2 33.Rxh7 Rf8 34.Nf4 Rg8 35.Nfd5+ cxd5 36.Rfxf7+ Ke8
37.Re7+ Kd8 38.Rxd7+ Kc8 39.Nxd5  1-0

[Event "ch-UKR semi-final"]
[Site "Alushta UKR"]
[Date "2011.05.09"]
[Round "7.46"]
[White "Kalchev,Vasilii"]
[Black "Shalimov,V UKR"]
[Result "0-1"]
[WhiteElo "1939"]
[BlackElo "2387"]

1.e4 c5 2.Nc3 Nc6 3.Bb5 Nd4 4.Nf3 e6 5.d3 Nf6 6.Ba4 Qc7 7.O-O a6 8.Bg5 Ng4
9.h3 Nxf3+ 10.Qxf3 Qh2+  0-1

[Event "41st Bosna Open"]
[Site "Sarajevo BIH"]
[Date "2011.05.09"]
[Round "6.10"]
[White "Popovic,Du"]
[Black "Can,E"]
[Result "1/2-1/2"]
[WhiteElo "2553"]
[BlackElo "2487"]

1.e4 c5 2.Nc3 Nc6 3.Bb5 Nd4 4.Bc4 e6 5.Nf3 Ne7 6.Nxd4 cxd4 7.Ne2 Nc6 8.O-O Be7
9.d3 O-O 10.Bd2 a6 11.a4 d5 12.exd5 exd5 13.Bb3 Bd6 14.Nf4 Bxf4 15.Bxf4 Be6
16.Qd2 b6 17.Rfe1 Qd7 18.Bg3 Rac8 19.Qf4 Na5 20.Qxd4 Nxb3 21.cxb3 Qc6 22.b4 Rfe8
23.Be5 f6 24.Bf4 Bf5 25.h3 Bg6 26.Rxe8+ Rxe8 27.Be3 b5 28.a5 Qe6 29.Rc1 Rc8
30.Rc5 Bf7 31.Qc3 Rxc5 32.bxc5 Be8 33.Bf4 Bc6 34.Bg3 Kf7 35.b4 h5 36.Qd4 Kg6
37.Kh2 Bd7 38.Qf4 Bc6 39.d4 Qe8 40.Qd6 Qd7 41.Qb8 Qe8 42.Qc7 Qd7 43.Qb8 Qe8
44.Qf4 Qe6 45.f3 Qe8 46.Kg1 Qe6 47.Kf2 Qe8 48.Bh2 Qe6 49.Qc7 Qd7 50.Qg3+ Kf7
51.Qf4 Kg6 52.g4 hxg4 53.hxg4 Qe6 54.Qc7 Qd7 55.Qb6 Qc8 56.Bc7 Qb7 57.Qxb7 Bxb7
58.Kg3 Bc6 59.Kf4 Bd7 60.Bb8 Bc6 61.Bd6 Bd7 62.Bc7 Bc6 63.Kg3 Bd7 64.Bd6 Bc6
65.f4 Bd7 66.f5+ Kf7 67.Kf4 Bc6 68.g5 Bd7 69.g6+ Ke8 70.Kg4 Bc6  1/2-1/2

[Event "ch-Euro Indiv Women"]
[Site "Tbilisi GEO"]
[Date "2011.05.09"]
[Round "3"]
[White "Gevorgyan,M"]
[Black "Trapaidze,L"]
[Result "1-0"]
[WhiteElo "2065"]
[BlackElo "1744"]

1.e4 c5 2.Nc3 Nc6 3.Bb5 g6 4.d3 Bg7 5.Bxc6 bxc6 6.Be3 d6 7.Qd2 Rb8 8.Rb1 Nf6
9.h3 O-O 10.Nge2 Nd7 11.Bh6 Nb6 12.h4 e5 13.Bxg7 Kxg7 14.Qe3 h5 15.b3 Be6
16.Kd2 Nd7 17.f4 d5 18.Qg3 Bg4 19.exd5 cxd5 20.Nxd5 e4 21.dxe4 Re8 22.Nec3 Nf6
23.Qd3 Qa5 24.Kc1 Qa3+ 25.Rb2 Rbd8 26.Nxf6 Kxf6 27.Nd5+ Kg7 28.Qc3+ Kf8  1-0

[Event "ch-UKR semi-final"]
[Site "Alushta UKR"]
[Date "2011.05.10"]
[Round "8.62"]
[White "Khazankin,M"]
[Black "Torosjan,Asja"]
[Result "1-0"]
[WhiteElo "2091"]
[BlackElo "1839"]

1.e4 c5 2.Nc3 Nc6 3.Bb5 Nd4 4.Bc4 e6 5.Nge2 a6 6.Nxd4 cxd4 7.Ne2 b5 8.Bb3 Bc5
9.d3 Ne7 10.O-O O-O 11.f4 d6 12.Ng3 Kh8 13.f5 exf5 14.exf5 f6 15.Bd2 Bb7
16.Qh5 Qe8 17.Qh3 Nd5 18.Rae1 Ne3 19.Rf4 h6 20.Rh4 Qd7 21.Bxe3 dxe3 22.d4 Bb6
23.Rxe3 d5 24.c3 Rae8 25.Re6 Bc7 26.Nh5 Rf7 27.Nxg7  1-0

[Event "41st Bosna Open"]
[Site "Sarajevo BIH"]
[Date "2011.05.10"]
[Round "7.31"]
[White "Rasidovic,S"]
[Black "Patrucic,M"]
[Result "1-0"]
[WhiteElo "2380"]
[BlackElo "2039"]

1.e4 c5 2.Nf3 Nc6 3.Nc3 Nd4 4.Bc4 g6 5.Nxd4 cxd4 6.Qf3 e6 7.Ne2 Bg7 8.O-O a6
9.d3 b5 10.Bb3 Bb7 11.Qg3 Ne7 12.Bf4 d5 13.Be5 f6 14.Bxd4 e5 15.Bc5 dxe4
16.dxe4 Bxe4 17.Nc3 Bb7 18.a4 Nf5 19.Qg4 Rc8 20.Rfd1 Qc7 21.Bb4 Bc6 22.axb5 axb5
23.Be6 Rb8 24.Ne4 Bxe4 25.Qxe4 Bf8 26.Ra7  1-0

[Event "ch-UKR semi-final"]
[Site "Alushta UKR"]
[Date "2011.05.11"]
[Round "9.4"]
[White "Onischuk,V"]
[Black "Kryvoruchko,Y"]
[Result "0-1"]
[WhiteElo "2498"]
[BlackElo "2640"]

1.e4 c5 2.Nf3 Nc6 3.Nc3 e6 4.g3 d5 5.d3 Nf6 6.exd5 exd5 7.Bg2 Be7 8.O-O O-O
9.Re1 Be6 10.Ne2 h6 11.Nf4 Bf5 12.h3 Qd7 13.g4 Bh7 14.Ne5 Nxe5 15.Rxe5 Bd6
16.Re1 Bc7 17.Qf3 Rad8 18.Bd2 Be4 19.Qg3 Bxg2 20.Qxg2 Rfe8 21.Ne2 Be5 22.f4 Bxb2
23.Rab1 Bd4+ 24.Nxd4 cxd4 25.g5 hxg5 26.fxg5 Nh7 27.Rf1 Rc8 28.Bf4 Nf8 29.Rf2 Ng6
30.Bg3 Re3 31.Rb4 Qe7 32.Rxd4 Qxg5 33.Kh2 Rd8 34.h4 Qh5 35.c4 Ne5 36.Kh3 Nf3
37.Rg4 Qf5 38.Bf4 Nxh4+ 39.Bxe3 Nxg2 40.Rxf5 Nxe3 41.Re5 Nxg4 42.Kxg4 dxc4
43.dxc4 Rd4+ 44.Kf5 g6+  0-1

[Event "ch-UKR semi-final"]
[Site "Alushta UKR"]
[Date "2011.05.11"]
[Round "9.25"]
[White "Andrenko,I"]
[Black "Shishkin,Va UKR"]
[Result "0-1"]
[WhiteElo "2281"]
[BlackElo "2474"]

1.e4 c5 2.Nc3 Nc6 3.Bb5 Nd4 4.Bc4 e6 5.Nge2 a6 6.a4 Nf6 7.O-O Qc7 8.d3 Nc6
9.f4 d6 10.h3 Be7 11.Be3 O-O 12.g4 h6 13.Ng3 Nh7 14.Qf3 Bd7 15.Qg2 Kh8 16.Nh5 Rae8
17.f5 Bg5 18.Bf2 g6 19.Ng3 Ne5 20.Bb3 Bc6 21.d4 cxd4 22.Bxd4 gxf5 23.gxf5 Rg8
24.Kh2 Nf6 25.Qe2 d5 26.Bxe5 Qxe5 27.exd5 exd5 28.Qxe5 Rxe5 29.Rae1 Rxe1
30.Rxe1 Bf4 31.Ne2 Be5 32.h4 Ne4 33.Rg1 Nxg3 34.Nxg3 Bxb2 35.Re1 f6 36.Kh3 Be5
37.Ne2 Rg7 38.Rd1 d4 39.Rg1 h5 40.a5 Rxg1 41.Nxg1 Be4 42.Ne2 Bxf5+ 43.Kg2 Kg7
44.Kf2 Kg6 45.Nc1 Bc7 46.Bd5 Bxa5 47.Bxb7 Bd2 48.Nd3 a5 49.Bc6 Kf7 50.Ba4 Ke7
51.Ke2 Be3 52.Nb2 Bf4 53.Kf3 Bc7 54.Bb3 Kd6 55.Bf7 Bxc2 56.Bxh5 Kc5 57.Be8 Kb4
58.Ke2 Kc3 59.Na4+ Bxa4 60.Bxa4 Bf4 61.h5 d3+ 62.Kd1 Bg5 63.Bd7 Kd4 64.Ke1 Kc3
65.Kd1 Bh6 66.Ke1 Kc2 67.Ba4+ Kc1 68.Kf2 Bg5 69.Kf1 f5 70.Kf2 Bh6 71.Ke1 d2+
72.Ke2 f4 73.Bb3 f3+ 74.Kxf3 d1=Q+ 75.Bxd1 Kxd1 76.Ke4 Kc2  0-1

[Event "20th ch-MKD 2011"]
[Site "Skopje MKD"]
[Date "2011.05.11"]
[Round "2"]
[White "Stanojoski,Z"]
[Black "Nedev,Tr"]
[Result "1/2-1/2"]
[WhiteElo "2493"]
[BlackElo "2475"]

1.e4 c5 2.Nf3 Nc6 3.Nc3 e5 4.Bc4 Be7 5.d3 Nf6 6.O-O O-O 7.Ne1 d6 8.f4 Bg4
9.Qd2 exf4 10.Qxf4 Ne5 11.Nf3 Nh5 12.Qe3 Nxf3+ 13.gxf3 Bh3 14.Rd1 Bf6 15.Kh1 Bd4
16.Qg5 Qxg5 17.Bxg5 h6 18.Be7 Nf4 19.Rg1 Rfd8 20.Bxd8 Bxg1 21.Kxg1 Rxd8 22.Nd5 Nxd5
23.Bxd5 Rd7 24.Kf2 Be6 25.Bxe6 fxe6 26.f4 Kf7 27.Rg1 Kf6 28.h4 g6 29.Ke3 d5
30.h5 g5 31.fxg5+ hxg5 32.Rf1+ Ke5 33.Rg1 Kf6 34.Rf1+ Ke5 35.Rg1 Kf6  1/2-1/2

[Event "ch-Euro Indiv Women"]
[Site "Tbilisi GEO"]
[Date "2011.05.11"]
[Round "5"]
[White "Skrabakova,Katarina"]
[Black "Gumberidze,Nino"]
[Result "1-0"]
[WhiteElo "2071"]
[BlackElo "1664"]

1.e4 c5 2.Nf3 Nc6 3.Nc3 Nf6 4.d3 e6 5.g3 d5 6.Bg2 dxe4 7.Nxe4 Nxe4 8.dxe4 Qxd1+
9.Kxd1 e5 10.c3 Be6 11.Kc2 O-O-O 12.Be3 f6 13.Rhd1 Rxd1 14.Kxd1 Be7 15.Kc2 Rd8
16.b3 Kc7 17.Nh4 g6 18.f4 exf4 19.gxf4 g5 20.fxg5 fxg5 21.Nf5 Bxf5 22.exf5 b6
23.Re1 Bf6 24.Bf2 Ne5 25.Bg3 Kd6 26.Rd1+ Ke7 27.Re1 Kd6 28.c4 h5 29.h3 h4
30.Bh2 Rg8 31.Bf3 Rb8 32.Bh5 b5 33.Rd1+ Ke7 34.Rd5 Rd8 35.Bxe5 Rxd5 36.Bxf6+ Kxf6
37.cxd5  1-0

[Event "20th ch-MKD 2011"]
[Site "Skopje MKD"]
[Date "2011.05.12"]
[Round "3"]
[White "Menkinoski,R"]
[Black "Stojanovski,D"]
[Result "1/2-1/2"]
[WhiteElo "2331"]
[BlackElo "2436"]

1.e4 c5 2.Nc3 Nc6 3.Nge2 g6 4.d4 cxd4 5.Nxd4 Bg7 6.Be3 Nf6 7.Bc4 Qa5 8.O-O O-O
9.Bb3 d6 10.h3 Bd7 11.Re1 Nxd4 12.Bxd4 Bc6 13.Nd5 Bxd5 14.exd5 Rfe8 15.c4 a6
16.Bc3 Qc7 17.Rc1 Nh5 18.Qd2 Bxc3 19.Rxc3 Ng7 20.Qf4 e5 21.dxe6 Nxe6 22.Qf6 Qd8
23.Qxd8 Raxd8 24.Rd3 Kf8 25.Red1 Nc5 26.Rd5 Ke7 27.Bc2 a5 28.b3 Rd7 29.R1d2 Rc8
30.a3 b6 31.g4 Ne6 32.Kh2 Rc5 33.Re2 Kd8 34.Red2 Ke7 35.Re2 Kf6 36.Red2 Ke7  1/2-1/2

[Event "ch-Euro Indiv Women"]
[Site "Tbilisi GEO"]
[Date "2011.05.13"]
[Round "7"]
[White "Gaponenko,I"]
[Black "Manakova,M"]
[Result "0-1"]
[WhiteElo "2455"]
[BlackElo "2303"]

1.e4 c5 2.Nc3 Nc6 3.Nge2 e5 4.Ng3 d6 5.Bc4 Be6 6.d3 g6 7.O-O Qd7 8.Nd5 Bg7
9.c3 Bxd5 10.Bxd5 Nf6 11.Bb3 h5 12.f4 h4 13.Ne2 h3 14.g3 Rh5 15.Kh1 d5 16.fxe5 Rxe5
17.exd5 Nxd5 18.Nf4 Nf6 19.Qf3 O-O-O 20.Bd2 g5 21.Nh5 Nxh5 22.Qxh5 g4 23.Qh7 Na5
24.Rf2 Bf6 25.d4 cxd4 26.Kg1 Nxb3 27.axb3 Re6 28.Qf5 dxc3 29.Bxc3 Bxc3 30.bxc3 a6
31.b4 Re7 32.Qf4 f5 33.Qxf5 Qxf5 34.Rxf5 Re2 35.Rf2 Rdd2 36.Rxe2 Rxe2 37.Rd1 Rg2+
38.Kh1 Rc2 39.Kg1 Rg2+ 40.Kh1 Rc2 41.Kg1 Rxc3 42.Rd4 Rc1+ 43.Kf2 Rc2+ 44.Kg1 Rc1+
45.Kf2 Rh1 46.Rxg4 Rxh2+ 47.Kg1 Rb2 48.Kh1 Kd7 49.Rh4 Ke6 50.Re4+ Kd5 51.Rh4 b5
52.Rh6 Rxb4 53.Rxa6 Rb2 54.g4 Rg2 55.Rg6 b4 56.g5 b3 57.Rb6 Kc4 58.g6 Kc3
59.Rc6+ Kb2 60.Rf6 Ka2 61.Ra6+ Kb1 62.Rf6 b2 63.Rc6 Ka2 64.Ra6+ Kb3 65.Rb6+ Kc2
66.Rc6+ Kd2 67.Rd6+ Kc1 68.Rc6+ Rc2 69.g7 Rxc6 70.g8=Q b1=Q 71.Qd5 Kb2+ 72.Kh2 Qc2+  0-1

[Event "4th Marko Jaric Mem"]
[Site "Stari Mikanovci CRO"]
[Date "2011.05.14"]
[Round "7"]
[White "Brkic,A"]
[Black "Kozul,Z"]
[Result "1-0"]
[WhiteElo "2588"]
[BlackElo "2555"]

1.e4 c5 2.Nf3 Nc6 3.Nc3 d6 4.d4 cxd4 5.Nxd4 Nf6 6.Bg5 e6 7.Qd2 a6 8.O-O-O Bd7
9.f3 b5 10.g4 Ne5 11.a3 Qc7 12.Be3 Rb8 13.g5 Nh5 14.Kb1 Be7 15.f4 Nc4 16.Bxc4 bxc4
17.Ka1 g6 18.Qc1 O-O 19.f5 Rfe8 20.f6 Bf8 21.Nde2 Rb7 22.Qd2 Reb8 23.Rb1 Bc6
24.Ng3 Qa5 25.Nxh5 gxh5 26.Bf4 d5 27.Bxb8 Rxb8 28.exd5 Bxd5 29.Rhd1 Bf3 30.Qf4 Bxd1
31.Qxb8 Bxc2 32.Re1 Qxg5 33.Qd8 Qg2 34.Qd4 Qxh2 35.Qxc4 h6 36.Ka2 a5 37.Re2  1-0

[Event "TCh-UKR Clubs 2011"]
[Site "Alushta UKR"]
[Date "2011.05.15"]
[Round "3.4"]
[White "Guseinov,G"]
[Black "Derjabin,I"]
[Result "1-0"]
[WhiteElo "2603"]
[BlackElo "2371"]

1.e4 c5 2.Nf3 Nc6 3.Nc3 e5 4.Bc4 Be7 5.d3 d6 6.O-O Na5 7.Bb5+ Kf8 8.Nd2 a6
9.Bc4 Bg5 10.a4 Bxd2 11.Bxd2 Nxc4 12.dxc4 Be6 13.b3 Ne7 14.f4 f6 15.Be3 Nc6
16.Nd5 Bxd5 17.Qxd5 Qe7 18.c3 Rd8 19.a5 Qf7 20.Qd3 Ke7 21.f5 Rc8 22.Rfd1 Rhd8
23.b4 cxb4 24.Bb6 bxc3 25.Bxd8+ Rxd8 26.Qxc3 Nd4 27.Qb4 Qh5 28.Qxb7+ Rd7
29.Qb2 Ne2+ 30.Kf1 Nf4 31.h3 g6 32.c5 gxf5 33.Rxd6 fxe4 34.Rxd7+ Kxd7 35.c6+ Kxc6
36.Rc1+ Kd5 37.Qb3+ Kd6 38.Qb6+ Kd5 39.Qc6+ Kd4 40.Qc5+  1-0

[Event "TCh-UKR Clubs 2011"]
[Site "Alushta UKR"]
[Date "2011.05.15"]
[Round "3.4"]
[White "Harutjunyan,G"]
[Black "Azarov,S"]
[Result "1/2-1/2"]
[WhiteElo "2449"]
[BlackElo "2635"]

1.e4 c5 2.Nc3 Nc6 3.Bb5 Nd4 4.Bc4 g6 5.Nf3 Bg7 6.Nxd4 cxd4 7.Qf3 Nh6 8.Ne2 O-O
9.d3 Ng4 10.Bb3 d6 11.Qg3 a5 12.a4 Nf6 13.O-O Nd7 14.Qh4 Nc5 15.Bg5 Re8 16.Bc4 Be6
17.Bb5 Bd7 18.f4 f6 19.Bh6 e5 20.Rf3 Qe7 21.Raf1 Rf8 22.Bxd7 Nxd7 23.c3 Bxh6
24.Qxh6 f5 25.exf5 Rxf5 26.g4 Rf7 27.cxd4 exd4 28.Nxd4 Qf6 29.Nb5 Qxb2 30.Qg5 Raf8
31.R1f2 Qb4 32.Kg2 Nf6 33.h3 Qc5 34.Qxc5 dxc5 35.Nd6 Rd7 36.Nc4 Nd5 37.Nxa5 Nb4
38.Kg3 Ra8 39.Nc4 Rxd3 40.Rxd3 Nxd3 41.Rd2 Rxa4 42.Rxd3 Rxc4 43.Rd8+ Kg7
44.Rd7+  1/2-1/2

[Event "9th Somov Mem"]
[Site "Kirishi RUS"]
[Date "2011.05.15"]
[Round "8"]
[White "Eliseev,U"]
[Black "Alekseenko,K"]
[Result "1-0"]
[WhiteElo "2433"]
[BlackElo "2317"]

1.e4 c5 2.Nf3 Nc6 3.Nc3 d6 4.d4 cxd4 5.Nxd4 Nf6 6.Bg5 e6 7.Qd2 Be7 8.O-O-O O-O
9.f3 Nxd4 10.Qxd4 a6 11.h4 b5 12.Qd2 Bb7 13.Ne2 Rc8 14.Nd4 Qc7 15.Bd3 Rfd8
16.Rhe1 e5 17.Nf5 d5 18.exd5 Bxd5 19.Qc3 Bf8 20.Qxc7 Rxc7 21.a3 Re8 22.Bxf6 gxf6
23.Bxb5 Rec8 24.Bxa6 Rxc2+ 25.Kb1 Bxa3 26.bxa3 Ba2+ 27.Ka1 Ra8 28.Re2 Rxe2
29.Bxe2 Be6 30.Ne7+ Kf8 31.Nd5 Rxa3+ 32.Kb2 Ra4 33.g3 Kg7 34.Kb3 Ra8 35.Bc4 f5
36.Re1 f6 37.Ne3 Bxc4+ 38.Nxc4 Kg6 39.Rd1 Kh5 40.Ne3 f4 41.Nf5 fxg3 42.Rh1 g2
43.Rg1 e4 44.fxe4 h6 45.Rxg2 Rg8 46.Re2 Rc8 47.Rc2 Rb8+ 48.Kc4 Kg4 49.Kd3 Kf4
50.Rf2+ Ke5 51.Nd4  1-0

[Event "TCh-UKR Clubs 2011"]
[Site "Alushta UKR"]
[Date "2011.05.16"]
[Round "4.5"]
[White "Prokhorov,A2"]
[Black "Fish,Alexandr"]
[Result "1/2-1/2"]
[WhiteElo "2229"]
[BlackElo "1958"]

1.e4 c5 2.Ne2 Nc6 3.Nbc3 Nf6 4.d4 cxd4 5.Nxd4 e5 6.Ndb5 d6 7.a4 h6 8.Bc4 Be7
9.Nd5 Nxd5 10.Bxd5 O-O 11.O-O a6 12.Nc3 Bg5 13.Re1 Bxc1 14.Rxc1 Be6 15.Re3 Bxd5
16.Nxd5 Ne7 17.Rb3 Rb8 18.Nxe7+ Qxe7 19.Rb6 Rfd8 20.Qd5 Qc7 21.a5 Qc5 22.c4 Rd7
23.Rd1 Qxd5 24.Rxd5 Rc8 25.b3 Rc6 26.Rb4 Rc5 27.Kf1 Kf8 28.Ke2 Ke7 29.Ra4 Ke6
30.Rd3 f5 31.f3 g5 32.Ra1 h5 33.Rd5 f4 34.Rad1 Rxd5 35.cxd5+ Ke7 36.Rc1 Kd8
37.b4 h4  1/2-1/2

[Event "ch-Euro Indiv Women"]
[Site "Tbilisi GEO"]
[Date "2011.05.16"]
[Round "9"]
[White "Ziaziulkina,N"]
[Black "Girya,O"]
[Result "1/2-1/2"]
[WhiteElo "2291"]
[BlackElo "2394"]

1.e4 c5 2.Nf3 Nc6 3.Nc3 d6 4.d4 cxd4 5.Nxd4 Nf6 6.Bg5 e6 7.Qd2 Be7 8.O-O-O O-O
9.f4 Nxd4 10.Qxd4 Qa5 11.Kb1 Rd8 12.Be2 Bd7 13.Bf3 Bc6 14.Qd2 Qc7 15.g4 d5
16.exd5 Nxd5 17.Bxe7 Qxe7 18.Nxd5 Bxd5 19.Qe3 Bxf3 20.Qxf3 h6 21.a3 b5 22.Rxd8+ Rxd8
23.Rd1 Rxd1+ 24.Qxd1 Qc5 25.Qd8+ Kh7 26.Qd3+ g6 27.h3 Kg7 28.Qe4 g5 29.b3 Qc3
30.f5 Kf6  1/2-1/2

[Event "ch-Euro Indiv Women"]
[Site "Tbilisi GEO"]
[Date "2011.05.16"]
[Round "9"]
[White "Kochetkova,J"]
[Black "Shamatava,A"]
[Result "1-0"]
[WhiteElo "2341"]
[BlackElo "1917"]

1.e4 c5 2.Nc3 Nc6 3.Bb5 g6 4.Bxc6 dxc6 5.f4 Bg7 6.d3 Nf6 7.Nf3 O-O 8.O-O Bg4
9.Be3 b6 10.h3 Bxf3 11.Qxf3 Nd7 12.e5 Qc7 13.Rae1 f5 14.a4 e6 15.Nb1 Rfb8
16.Nd2 b5 17.axb5 cxb5 18.h4 h5 19.Qg3 Kh7 20.Nf3 Bh6 21.d4 cxd4 22.Bxd4 Nc5
23.Bxc5 Qxc5+ 24.Kh1 Rd8 25.Rd1 Rd5 26.Ng5+ Bxg5 27.Qxg5 a5 28.Qf6 Qc6 29.Rxd5 Qxd5
30.Rf3 Ra7 31.Kh2 Qc4 32.c3 Rd7 33.Qf8 a4 34.Qe8 Qd5 35.Qc8 Rd8 36.Qc7+ Rd7
37.Qb6 Qc4 38.Qb8 Qd5 39.Qe8 Rg7 40.Qc8 Rd7 41.c4 bxc4 42.Rc3 Rd8 43.Qa6 Qd2
44.Rxc4 Qe1 45.Qb7+ Kh6 46.Qe7 Rd7 47.Qg5+ Kh7 48.Rc6 Rg7 49.Rxe6 Qb4 50.Re8 Qd2
51.e6 Qxb2 52.e7  1-0

[Event "ch-Euro Indiv Women"]
[Site "Tbilisi GEO"]
[Date "2011.05.16"]
[Round "9"]
[White "Gevorgyan,M"]
[Black "Shadrina,T"]
[Result "0-1"]
[WhiteElo "2065"]
[BlackElo "2397"]

1.e4 c5 2.Nc3 Nc6 3.Bb5 Nd4 4.Bc4 g6 5.Nf3 Bg7 6.Nxd4 cxd4 7.Qf3 Nf6 8.e5 dxc3
9.exf6 cxd2+ 10.Bxd2 Bxf6 11.O-O O-O 12.Rad1 d6 13.Rfe1 Qc7 14.Bb3 Bd7 15.Bh6 Bc6
16.Qe2 Bxb2 17.Qxe7 Qxe7 18.Rxe7 Bg7 19.Bxg7 Kxg7 20.Rxd6 Rae8 21.Rde6 Rxe7
22.Rxe7 Kf6 23.Re2 Rd8 24.f3 a5 25.a4 Rd4 26.c3 Rd3 27.Rc2 Rd1+ 28.Kf2 Rb1
29.Ba2 Rh1 30.Bb3 Rxh2 31.Rd2 Rh1 32.Rd4 g5 33.Bd1 Rh4 34.g4 Rh2+ 35.Ke3 Ra2
36.f4 Rh2 37.Kd3 Rf2 38.fxg5+ Kxg5 39.Rc4 f5 40.Ke3 Rf1 41.Be2 f4+ 42.Kd2 Ra1
43.Rc5+ Kh4 44.Rxa5 Kg3 45.Bd3 Ra2+ 46.Kc1 f3 47.Bxh7 f2 48.Bd3 Kxg4 49.Ra8 Rxa4
50.Rg8+ Kf4 51.c4 Ke3 52.Rd8 Be4  0-1

[Event "TCh-UKR Clubs 2011"]
[Site "Alushta UKR"]
[Date "2011.05.17"]
[Round "5.3"]
[White "Zubarev,Al1"]
[Black "Baklanova,T"]
[Result "1-0"]
[WhiteElo "2600"]
[BlackElo "2236"]

1.e4 c5 2.Nf3 Nc6 3.Nc3 g6 4.d4 cxd4 5.Nxd4 Bg7 6.Nb3 Nf6 7.Be2 O-O 8.O-O b6
9.f4 d6 10.Bf3 Bb7 11.Be3 Nd7 12.Qe1 Rb8 13.Rd1 Qe8 14.Qh4 Bf6 15.Qg3 Ba8
16.h4 b5 17.h5 b4 18.Nd5 Bxb2 19.hxg6 hxg6 20.e5 dxe5 21.f5 Kg7 22.Nc7 Qc8
23.Ne6+ Kg8 24.fxg6 fxe6 25.Qh3 Nf6 26.Bg4 Rb7 27.Bxe6+ Qxe6 28.Qxe6+ Kg7
29.Qxc6  1-0

[Event "TCh-UKR Clubs 2011"]
[Site "Alushta UKR"]
[Date "2011.05.17"]
[Round "5.5"]
[White "Harutjunyan,G"]
[Black "Krupko,A"]
[Result "1-0"]
[WhiteElo "2449"]
[BlackElo "2165"]

1.e4 c5 2.Nc3 Nc6 3.Nf3 g6 4.Bb5 Nd4 5.Bc4 Bg7 6.Nxd4 cxd4 7.Qf3 Nh6 8.Ne2 O-O
9.d3 Ng4 10.Bb3 d6 11.Qg3 a5 12.a4 Nf6 13.O-O Nd7 14.Qh4 Nc5 15.Bg5 Re8 16.Bc4 Be6
17.Bb5 Bd7 18.f4 Bxb5 19.axb5 f6 20.Bh6 Bxh6 21.Qxh6 e5 22.f5 g5 23.Rf3 Rf8
24.Rg3 Rf7 25.h4 Qf8 26.hxg5 a4 27.gxf6+ Kh8 28.Rg7 Rxg7 29.fxg7+ Qxg7 30.Qxd6 Rg8
31.g3 Nd7 32.Rxa4 h5 33.c4  1-0

[Event "ch-Euro Indiv Women"]
[Site "Tbilisi GEO"]
[Date "2011.05.17"]
[Round "10"]
[White "Kochetkova,J"]
[Black "Ibrahimova,S"]
[Result "1-0"]
[WhiteElo "2341"]
[BlackElo "2078"]

1.e4 c5 2.Nc3 Nc6 3.Bb5 Nd4 4.Bc4 g6 5.Nf3 Bg7 6.Nxd4 cxd4 7.Qf3 e6 8.Nb5 Be5
9.c3 a6 10.Nxd4 b5 11.Bb3 Bb7 12.d3 Ne7 13.Bg5 f6 14.Bxf6 O-O 15.Nxe6  1-0

[Event "46th Capablanca Memorial Open B"]
[Site "Havana CUB"]
[Date "2011.05.18"]
[Round "7.14"]
[White "Quesda Chow,I"]
[Black "Jodar Arias,M"]
[Result "1-0"]
[WhiteElo "2131"]
[BlackElo "2174"]

1.e4 c5 2.Nc3 Nc6 3.Bb5 Nd4 4.Bc4 g6 5.Nf3 Bg7 6.Nxd4 cxd4 7.Qf3 e6 8.Nb5 d6
9.Qa3 Bf8 10.Nxd4 Bd7 11.Qb3 Rc8 12.d3 Qc7 13.Nb5 Qb8 14.Qc3 f6 15.Qb3 Kf7
16.Nd4 Re8 17.f4 d5 18.Bb5 Bxb5 19.Qxb5 Qc7 20.Be3 a6 21.Qb3 dxe4 22.dxe4 f5
23.exf5 gxf5 24.O-O-O Nh6 25.Nf3 Ng4 26.Ng5+ Kg6 27.Nxe6 Qf7 28.Bd4 Rg8 29.Rhe1 h6
30.Qb6 Kh7 31.h3 Rg6 32.Nxf8+ Rxf8 33.Qb4  1-0

[Event "20th Croatian Cup"]
[Site "Sibenik CRO"]
[Date "2011.05.18"]
[Round "1.73"]
[White "Dulic,G"]
[Black "Vitic,I"]
[Result "1-0"]
[WhiteElo "2246"]
[BlackElo "2323"]

1.e4 c5 2.Nc3 Nc6 3.Bb5 e6 4.Bxc6 bxc6 5.d3 d5 6.Nf3 Nf6 7.O-O Be7 8.Re1 O-O
9.b3 a5 10.Bb2 Nd7 11.Qe2 Bf6 12.Na4 Re8 13.Bxf6 gxf6 14.Qe3 Qe7 15.Qh6 Kh8
16.Nh4 d4 17.f4 Rg8 18.Kh1 Rg7 19.Rf1 Bb7 20.f5 Rag8 21.Nb2 Ba6 22.Rf2 Rg5
23.Raf1 Qf8 24.Qxf8 Rxf8 25.h3 Rh5 26.g3 Rg8 27.Kh2 Rhg5 28.Rg1 Rh5 29.Rff1 Kg7
30.a4 Kf8 31.Nc4 Bxc4 32.bxc4 Ke7 33.Rb1 Ra8 34.Rb7 Rg5 35.Rgb1 Rgg8 36.Nf3 Kd6
37.g4 e5 38.Nd2 h5 39.gxh5 Rg5 40.Rg1 Rxh5 41.Nf3 Rh7 42.h4 Ke7 43.Kh3 Kd6
44.Rg4 Rhh8 45.Rg7 Ke7 46.Rxd7+ Kxd7 47.Rxf7+ Ke8 48.Rxf6 Rb8 49.Re6+ Kf8
50.Nxe5 Kg7 51.f6+ Kh7 52.Re7+ Kh6 53.Nf7+  1-0

[Event "20th Croatian Cup"]
[Site "Sibenik CRO"]
[Date "2011.05.18"]
[Round "1.103"]
[White "Vargic,D"]
[Black "Krklec,J"]
[Result "1-0"]
[WhiteElo "2357"]
[BlackElo "2125"]

1.e4 c5 2.Nc3 Nc6 3.Nf3 d6 4.d4 cxd4 5.Nxd4 Nf6 6.Bg5 e6 7.Qd2 a6 8.O-O-O Qc7
9.Kb1 Bd7 10.f3 O-O-O 11.Be3 h5 12.Qf2 Kb8 13.Ndb5 axb5 14.Nxb5 Qc8 15.Rd3 d5
16.Bf4+ Ka8 17.Nc7+ Kb8 18.Nxe6+ Ka8 19.Nc7+  1-0

[Event "Serbian Cup 2011"]
[Site "Valjevo SRB"]
[Date "2011.05.18"]
[Round "3.9"]
[White "Tosic,S"]
[Black "Lakicevic,B"]
[Result "1-0"]
[WhiteElo "2331"]
[BlackElo "2065"]

1.e4 c5 2.Nc3 Nc6 3.Nge2 g6 4.d4 cxd4 5.Nxd4 Bg7 6.Nde2 Nf6 7.g3 d6 8.Bg2 O-O
9.O-O Rb8 10.a4 b6 11.Nd5 Bb7 12.Re1 e6 13.Ndc3 Qe7 14.Nf4 Rfd8 15.h3 Ba8
16.Ra3 Rbc8 17.g4 Nd7 18.Nce2 Nc5 19.c3 Ne5 20.Ng3 g5 21.Nfh5 Ncd3 22.Rf1 Nxc1
23.Qxc1 Ng6 24.Nxg7 Kxg7 25.Nh5+ Kg8 26.f4 gxf4 27.Nxf4 Nxf4 28.Qxf4 Rc4
29.Qe3 d5 30.e5 d4 31.Qf4 Bxg2 32.Kxg2 Kg7 33.Rf2 h6 34.Ra1 a6 35.Raf1 Rd7
36.cxd4 Rcxd4 37.Qe3 Qg5 38.Rxf7+ Rxf7 39.Rxf7+ Kxf7 40.Qxd4 Qc1 41.Qxb6 Qc4
42.Qe3 Qxa4 43.Kg3 Kg6 44.h4 Qc4 45.h5+ Kg7 46.Qf3 Qc1 47.b3 Qe1+ 48.Kf4 Qb4+
49.Qe4 Qd2+ 50.Qe3 Qh2+ 51.Ke4 Qg2+ 52.Qf3 Qc2+ 53.Kd4 Qb2+ 54.Qc3 Qf2+ 55.Qe3 Qg2
56.Qe4 Qf2+ 57.Kc4 Qf1+ 58.Qd3 Qf4+ 59.Qd4 Qf1+ 60.Kb4 Qb5+ 61.Ka3 a5 62.Qe4 Qc5+
63.Kb2 Qf2+ 64.Kc3 Qc5+ 65.Kd2 Qf2+ 66.Kd3 Qf1+ 67.Kd4 Qa1+ 68.Kc4 Qc1+ 69.Kb5 Qd2
70.Qg6+ Kh8 71.Qf6+ Kh7 72.Qf7+ Kh8 73.Qxe6 Qb4+ 74.Kc6 a4 75.Qxh6+ Kg8 76.Qg6+ Kh8
77.Qf6+ Kg8 78.bxa4 Qxa4+ 79.Kd6 Qb4+ 80.Kd5 Qb7+ 81.Kd4 Qb4+ 82.Ke3 Qc3+
83.Kf4 Qd2+ 84.Kf5 Qe2 85.Kg5 Qd2+ 86.Qf4 Qd8+ 87.Kh6 Qb6+ 88.Qf6 Qe3+ 89.Qg5+  1-0

[Event "TCh-UKR Clubs 2011"]
[Site "Alushta UKR"]
[Date "2011.05.19"]
[Round "7.2"]
[White "Zubarev,Al1"]
[Black "Fish,Alexandr"]
[Result "1-0"]
[WhiteElo "2600"]
[BlackElo "1958"]

1.e4 c5 2.Nf3 Nc6 3.Nc3 d6 4.d4 cxd4 5.Nxd4 e5 6.Nf3 Be7 7.Be2 Nf6 8.O-O O-O
9.Re1 Be6 10.Bf1 Nd7 11.Nd5 Bxd5 12.Qxd5 Kh8 13.c3 Nc5 14.Be3 Qc7 15.Rad1 Rad8
16.a3 Nd7 17.Qa2 f5 18.exf5 Rxf5 19.Bd3 Rff8 20.Qb1 d5 21.Bxh7 e4 22.Rxd5 exf3
23.Rh5 Nf6 24.Rh3 Ne5 25.Bf4 Bd6 26.Bxe5 Bxe5 27.Bf5+ Kg8 28.Be6+ Rf7 29.Qg6  1-0